| 000 | 00736nam a2200241 a 4500 | ||
|---|---|---|---|
| 008 | |||
| 020 | _a0880113383 (pbk.) | ||
| 049 | _aMAIN | ||
| 090 |
_aGV749.5 _bSLE |
||
| 100 | 1 | _aSleamaker, Rob. | |
| 245 | 1 | 0 |
_aSerious training for serious athletes / _cRob Sleamaker. |
| 260 |
_aChampaign, Ill. : _bLeisure Press, _cc1989. |
||
| 300 |
_axv, 247 p. : _bill. ; _c23 cm. |
||
| 504 | _aIncludes bibliographical references. | ||
| 500 | _aIncludes index. | ||
| 650 | 0 |
_aEndurance sports _xTraining. |
|
| 650 | 0 |
_aEndurance sports _xPhysiological aspects. |
|
| 907 |
_a.b10120920 _b21-03-12 _c06-05-04 |
||
| 003 | |||
| 005 | 20230123133710.0 | ||
| 040 | _cNUST | ||
| 942 |
_cBOOKS _kGV749.5 _mSLE |
||
| 999 |
_c153113 _d153113 |
||